Essential writing skills for college & beyond / (Record no. 21051)
[ view plain ]
| 000 -LEADER | |
|---|---|
| fixed length control field | 01792cam a22003855i 4500 |
| 001 - CONTROL NUMBER | |
| control field | 18440900 |
| 003 - CONTROL NUMBER IDENTIFIER | |
| control field | EG-ScBUE |
| 005 - DATE AND TIME OF LATEST TRANSACTION | |
| control field | 20201128023621.0 |
| 008 - FIXED-LENGTH DATA ELEMENTS--GENERAL INFORMATION | |
| fixed length control field | 150107t20142014ohua f b 001 0 eng d |
| 020 ## - INTERNATIONAL STANDARD BOOK NUMBER | |
| International Standard Book Number | 9781599637594 |
| 020 ## - INTERNATIONAL STANDARD BOOK NUMBER | |
| International Standard Book Number | 1599637596 |
| 040 ## - CATALOGING SOURCE | |
| Original cataloging agency | PNX |
| Language of cataloging | eng |
| Description conventions | rda |
| Transcribing agency | PNX |
| Modifying agency | PNX |
| -- | OCLCO |
| -- | NVC |
| -- | OCLCQ |
| -- | OSU |
| -- | OCLCF |
| -- | DLC |
| -- | EG-ScBUE |
| 082 04 - DEWEY DECIMAL CLASSIFICATION NUMBER | |
| Classification number | 808.042 |
| Item number | GIL |
| Edition number | 22 |
| 100 1# - MAIN ENTRY--PERSONAL NAME | |
| Personal name | Gill, C. M. |
| Fuller form of name | (Charlene M.) |
| Relator term | author. |
| 9 (RLIN) | 38754 |
| 245 10 - TITLE STATEMENT | |
| Title | Essential writing skills for college & beyond / |
| Statement of responsibility, etc | C. M. Gill. |
| 246 3# - VARYING FORM OF TITLE | |
| Title proper/short title | Essential writing skills for college and beyond |
| 250 ## - EDITION STATEMENT | |
| Edition statement | First edition. |
| 264 #1 - PUBLICATION, DISTRIBUTION, ETC. (IMPRINT) | |
| Place of publication, distribution, etc | Cincinnati, Ohio : |
| Name of publisher, distributor, etc | Writer's Digest Books, |
| Date of publication, distribution, etc | [2014] |
| 264 #4 - PUBLICATION, DISTRIBUTION, ETC. (IMPRINT) | |
| Date of publication, distribution, etc | c2014 |
| 300 ## - PHYSICAL DESCRIPTION | |
| Extent | iv, 249 pages : |
| Other physical details | illustrations ; |
| Dimensions | 22 cm |
| 336 ## - CONTENT TYPE | |
| Content type term | text |
| Content type code | txt |
| Source | rdacontent |
| 337 ## - MEDIA TYPE | |
| Media type term | unmediated |
| Media type code | n |
| Source | rdamedia |
| 338 ## - CARRIER TYPE | |
| Carrier type term | volume |
| Carrier type code | nc |
| Source | rdacarrier |
| 504 ## - BIBLIOGRAPHY, ETC. NOTE | |
| Bibliography, etc | Includes bibliographical references and index. |
| 505 0# - FORMATTED CONTENTS NOTE | |
| Formatted contents note | Pt. I. Idea - Generation strategies -- Getting started and developing your ideas -- Pt. II. Composing your essay -- Your ideas -- Breaking down the essay -- Their ideas -- Pre-research -- Research -- Post-research -- Pt. III. Polishing your essay -- Revising and editing your essay -- Punctuation and mechanics -- Pt. IV. Making the grade -- The psychology of grading and scoring. |
| 520 ## - SUMMARY, ETC. | |
| Summary, etc | You'll learn down-to-earth strategies for organizing your thoughts, researching the right sources, getting it down on paper, and earning an A. |
| 650 #7 - SUBJECT ADDED ENTRY--TOPICAL TERM | |
| Topical term or geographic name as entry element | English language |
| General subdivision | Rhetoric. |
| Source of heading or term | BUEsh |
| 9 (RLIN) | 30923 |
| 650 #7 - SUBJECT ADDED ENTRY--TOPICAL TERM | |
| Topical term or geographic name as entry element | English language |
| General subdivision | Grammar. |
| Source of heading or term | BUEsh |
| 9 (RLIN) | 5501 |
| 650 #7 - SUBJECT ADDED ENTRY--TOPICAL TERM | |
| Topical term or geographic name as entry element | Academic writing. |
| Source of heading or term | BUEsh |
| 650 #7 - SUBJECT ADDED ENTRY--TOPICAL TERM | |
| Topical term or geographic name as entry element | Report writing. |
| Source of heading or term | BUEsh |
| 9 (RLIN) | 1126 |
| 651 ## - SUBJECT ADDED ENTRY--GEOGRAPHIC NAME | |
| Source of heading or term | BUEsh |
| 653 ## - INDEX TERM--UNCONTROLLED | |
| Resource For college | Humanities: English |
| Arrived date list | November2015 |
| 655 ## - INDEX TERM--GENRE/FORM | |
| Form subdivision | Reading book |
| 9 (RLIN) | 34232 |
| 942 ## - ADDED ENTRY ELEMENTS (KOHA) | |
| Source of classification or shelving scheme | Dewey Decimal Classification |
| Koha item type | Book - Borrowing |
| Withdrawn status | Lost status | Source of classification or shelving scheme | Damaged status | Not for loan | Collection code | Home library | Current library | Shelving location | Date acquired | Source of acquisition | Total Checkouts | Full call number | Barcode | Date last seen | Date checked out | Price effective from | Koha item type | Total Renewals |
|---|---|---|---|---|---|---|---|---|---|---|---|---|---|---|---|---|---|---|
| Dewey Decimal Classification | Baccah | Central Library | Central Library | Second Floor | 16/11/2015 | Purchase | 1 | 808.042 GIL | 000031317 | 15/07/2025 | 22/12/2024 | 16/11/2015 | Book - Borrowing | |||||
| Dewey Decimal Classification | Baccah | Central Library | Central Library | Second Floor | 16/11/2015 | Purchase | 2 | 808.042 GIL | 000031318 | 15/07/2025 | 08/12/2024 | 16/11/2015 | Book - Borrowing | 13 | ||||
| Dewey Decimal Classification | Baccah | Central Library | Central Library | Second Floor | 16/11/2015 | Purchase | 3 | 808.042 GIL | 000031319 | 15/07/2025 | 19/12/2024 | 16/11/2015 | Book - Borrowing | 6 |